<?xml version="1.0" encoding="UTF-8"?>
<record
    xmlns:xsi="http://www.w3.org/2001/XMLSchema-instance"
    xsi:schemaLocation="http://www.loc.gov/MARC21/slim http://www.loc.gov/standards/marcxml/schema/MARC21slim.xsd"
    xmlns="http://www.loc.gov/MARC21/slim">

  <leader>00193nam a2200085   4500</leader>
  <controlfield tag="001">1258289</controlfield>
  <controlfield tag="005">20260305094623.0</controlfield>
  <datafield tag="245" ind1=" " ind2=" ">
    <subfield code="a">&#x130;LK OKUMA ZEH&#x130;RL&#x130; HAYVANLAR</subfield>
    <subfield code="c">EM&#x130;LY BONE</subfield>
  </datafield>
  <datafield tag="260" ind1=" " ind2=" ">
    <subfield code="b">TUB&#x130;TAK</subfield>
  </datafield>
  <datafield tag="999" ind1=" " ind2=" ">
    <subfield code="c">1258289</subfield>
    <subfield code="d">1258289</subfield>
  </datafield>
  <datafield tag="952" ind1=" " ind2=" ">
    <subfield code="0">0</subfield>
    <subfield code="1">0</subfield>
    <subfield code="2">ddc</subfield>
    <subfield code="4">0</subfield>
    <subfield code="7">0</subfield>
    <subfield code="a">1024</subfield>
    <subfield code="b">1024</subfield>
    <subfield code="d">2026-03-05</subfield>
    <subfield code="l">2</subfield>
    <subfield code="p">10246588</subfield>
    <subfield code="r">2026-04-27 14:39:09</subfield>
    <subfield code="s">2026-04-27</subfield>
    <subfield code="w">2026-03-05</subfield>
    <subfield code="y">BK</subfield>
  </datafield>
</record>
